000 00592nam a2200169 i 4500
001 50879
003 ES-MaACL
005 20230906162244.0
007 t|
008 030807s1969 sp ||||1| spa d
245 0 0 _aI Cursillo sobre propiedad industrial /
_cconferencias por J. Banús ... [et al.].
260 _aMadrid :
_bAsociación Internacional para la Protección de la Propiedad Industrial,
_c[1969]
300 _a112 p. ;
_c24 cm.
700 1 _aBanús, J.
_925216
710 2 _aAsociación Internacional para la Protección Industrial.
_91735
852 _aES-MaACL
_jC-37881
_bR.69754
999 _c50879
_d50879